Statistics for All Nia Long movies.

Click here to take the quiz!

General Stats

  • This quiz has been taken 22 times
  • The average score is 6 of 27

Answer Stats

Hint Answer % Correct
2000Big Momma's House
81%
1995Friday
71%
1999The Best Man
62%
2006Big Momma's House 2
48%
1997Love Jones
43%
2013The Best Man Holiday
38%
2005Are We There Yet?
33%
1993Made In America
33%
1997Soul Food
29%
2007Are We Done Yet
24%
1999In Too Deep
19%
1999Held Up
19%
2004Alfie
14%
2003Badass
10%
2010Mooz-Lum
10%
1998Butter
10%
1997Hav Plenty
10%
2007Premonition
10%
2009Good Hair
10%
2008Gospel Hill
10%
2000Boiler Room
10%
2000The Broken Hearts Club: A Romantic Comedy
5%
1999Stigmata
5%
2004The N-Word
5%
1990Buried Alive
5%
1991Boyz N Da Hood
0%
1999The Secret Laughter Of Woman
0%

Score Distribution

Percentile by Number Answered

Percent of People with Each Score

Your Score History

You have not taken this quiz